Análisis de la situación financiera de la Excma. Diputación Provincial de Barcelona
Descripción Física:
19 f. : mecanografiats, 1 fulletó de 43 p. ; 30 cm
MARC
| LEADER | 00000nam a2200000Ia 4500 | ||
|---|---|---|---|
| 001 | 11630 | ||
| 008 | 160829s9999 xx 000 0 cat d | ||
| 080 | |a M-3-217 | ||
| 110 | 1 | |a Barcelona (Catalunya : Província). |b Diputació |9 52408 | |
| 245 | |a Análisis de la situación financiera de la Excma. Diputación Provincial de Barcelona | ||
| 260 | |a Barcelona : |b Diputación Provincial de Barcelona, [1972] | ||
| 300 | |a 19 f. : |b mecanografiats, 1 fulletó de 43 p. ; |c 30 cm | ||
| 590 | |a Relligat juntament amb l'obra, es troba el fulletó: Programa de inversiones 1973-1976 / Diputación Provincial de Barcelona | ||
| 610 | 1 | 0 | |a Barcelona (Catalunya : Província). |b Diputació |x Assignacions pressupostàries i despeses |9 53789 |
| 901 | |a Arxiu | ||
| 942 | |n 1 | ||
| 952 | |0 0 |1 0 |4 0 |6 M3217 |7 1 |9 42400 |a Arxiu |b Arxiu |d 2016-12-01 |l 0 |o M-3-217 |p 11630 |r 2016-12-01 00:00:00 |w 2016-12-01 |y ARXIU | ||
| 999 | |c 44905 |d 44905 | ||